<?xml version="1.0" encoding="UTF-8"?>
<record
    xmlns:xsi="http://www.w3.org/2001/XMLSchema-instance"
    xsi:schemaLocation="http://www.loc.gov/MARC21/slim http://www.loc.gov/standards/marcxml/schema/MARC21slim.xsd"
    xmlns="http://www.loc.gov/MARC21/slim">

  <leader>00571nam a22001577a 4500</leader>
  <controlfield tag="005">20240530110334.0</controlfield>
  <controlfield tag="008">140824b1996    ua     g      00| 0 ara d</controlfield>
  <datafield tag="040" ind1=" " ind2=" ">
    <subfield code="a">EG-CaGPL</subfield>
  </datafield>
  <datafield tag="082" ind1="0" ind2="4">
    <subfield code="2">21</subfield>
    <subfield code="a">953.0713</subfield>
    <subfield code="b">&#x633; &#x62D;</subfield>
  </datafield>
  <datafield tag="100" ind1=" " ind2=" ">
    <subfield code="a">&#x633;&#x639;&#x64A;&#x62F; &#x633;&#x64A;&#x62F; &#x627;&#x62D;&#x645;&#x62F; &#x627;&#x628;&#x648; &#x632;&#x64A;&#x62F;</subfield>
  </datafield>
  <datafield tag="245" ind1="0" ind2="2">
    <subfield code="a">&#x627;&#x644;&#x62D;&#x64A;&#x627;&#x629; &#x627;&#x644;&#x627;&#x62C;&#x62A;&#x645;&#x627;&#x639;&#x64A;&#x629; &#x641;&#x649; &#x627;&#x644;&#x627;&#x646;&#x62F;&#x644;&#x633; :</subfield>
    <subfield code="b">&#x639;&#x635;&#x631; &#x62F;&#x648;&#x644;&#x62A;&#x649; &#x627;&#x644;&#x645;&#x631;&#x627;&#x628;&#x637;&#x64A;&#x646; &#x648;&#x627;&#x644;&#x645;&#x648;&#x62D;&#x62F;&#x64A;&#x646; /</subfield>
    <subfield code="c">&#x633;&#x639;&#x64A;&#x62F; &#x633;&#x64A;&#x62F; &#x627;&#x62D;&#x645;&#x62F; &#x627;&#x628;&#x648; &#x632;&#x64A;&#x62F;</subfield>
  </datafield>
  <datafield tag="300" ind1=" " ind2=" ">
    <subfield code="a">350 &#x633;&#x645; &#x61B;</subfield>
    <subfield code="c">24 &#x633;&#x645;</subfield>
  </datafield>
  <datafield tag="650" ind1="0" ind2="7">
    <subfield code="a">&#x62F;&#x648;&#x644;&#x629; &#x627;&#x644;&#x645;&#x631;&#x627;&#x628;&#x637;&#x64A;&#x646;</subfield>
  </datafield>
  <datafield tag="650" ind1="0" ind2="7">
    <subfield code="a">&#x62F;&#x648;&#x644;&#x629; &#x627;&#x644;&#x645;&#x648;&#x62D;&#x62F;&#x64A;&#x646;</subfield>
  </datafield>
  <datafield tag="942" ind1=" " ind2=" ">
    <subfield code="2">ddc</subfield>
    <subfield code="c">BK</subfield>
  </datafield>
  <datafield tag="999" ind1=" " ind2=" ">
    <subfield code="c">59758</subfield>
    <subfield code="d">59758</subfield>
  </datafield>
  <datafield tag="952" ind1=" " ind2=" ">
    <subfield code="0">0</subfield>
    <subfield code="1">0</subfield>
    <subfield code="4">0</subfield>
    <subfield code="7">0</subfield>
    <subfield code="a">CAI</subfield>
    <subfield code="b">CAI</subfield>
    <subfield code="d">2014-08-24</subfield>
    <subfield code="l">0</subfield>
    <subfield code="o">953.0713 &#x633; &#x62D;</subfield>
    <subfield code="p">158677</subfield>
    <subfield code="r">2014-08-24 00:00:00</subfield>
    <subfield code="w">2014-08-24</subfield>
    <subfield code="y">BK</subfield>
  </datafield>
</record>
